1810 1144 1119 1920 1733 1281 1170 1015 1938 1912 1691 1356 1267 1514 1581 1107 1775 1957 1295 1026 1037 1269 1133 1855 1831 1303 1012 1955 1345 1868 1119 1316 1227 1789 1149 1550 1123 1394 1103 1327 1015 1456 1291 1308 1880 1563 1150 1893 1151 1899 1497 1488 1267 1877 1131 1305 1835 1174 1171 1762 1658 1049 1203 1185 1625 1655 1533 1742 1024 1171 1822 1301 1237 1782 1959 1460 1869 1424 1453 1426 1694 1198 1224 1028 1558 1404 1676 1036 1181 1322 1362 1756 1292 1303 1789 1822 1811 1710 1961 BCNSPRNW ULIB Ver.6.0+V

เปลี่ยนเป็นภาษาไทย

Change to English
 แสดงรายละเอียดบรรณานุกรม
  กลับหน้าหลัก

Brief Record : Get Marc (ISO 2709) : E-mail record : QR code < ปิดหน้าต่าง
LEADER : 00000nam 2200000uu 4500
001    13399122525
003     ULIB
008    130717s2554||||th 000 0 tha d
020    ^a9789744175946
050  4 ^aCS1254^bศ64
110 2  ^aกรมศิลปากร.
245 10 ^aราชสกุลวงศ์ /^cกรมศิลปากร.
250    ^aพิมพ์ครั้งที่ 14
260    ^aกรุงเทพฯ :^bสำนักวรรณกรรมและประวัติศาสตร์ กรมศิลปากร,^c2554
300    ^a282 หน้า ;^c29 ซม. +^eซีดี-รอม 1 แผ่น.
500 คณ ^aะกรรมการฝ่ายประมวลเอกสารและจดหมายเหตุในคณะกรรมการอำนวยการจัดงานเฉลิมพระเกียรติพระบาทสมเด็จพระเจ้าอยู่หัวเนื่องในโอกาสพระราชพิธีมหามงคลเฉลิมพระชนมพรรษา 7 รอบ 5 ธันวาคม2554
650  7 ^aราชสกุล^zไทย^yสมัยรัตนโกสินทร์.
710 2  ^aกรมศิลปากร.^bสำนักวรรณกรรมและประวัติศาสตร์.
945    ^p0^l0^i19977
999    ^aทศพร เกษรทอง
รายการนี้ยังไม่มีแท็ก
คุณยังไม่ได้ล็อกอิน คุณสามารถมีกิจกรรมร่วมกับเว็บไซต์ได้ แต่ต้องล็อกอินก่อน ::
  ล็อกอิน

รายการสื่อสารสนเทศ

ลำดับที่ ประเภท เลขเรียก/บาร์โค้ด สถานที่ สถานะ
1. การศึกษาทั่วไป
การศึกษาทั่วไป
CS1254 ศ64 ฉ.1 
  Barcode: 19977
ห้องสมุดวิทยาเขตสวรรค์ประชารักษ์
►หนังสือทั่วไป
บนชั้น

BibComment


ยังไม่เคยถูกคอมเมนท์

คอมเมนท์ทรัพยากรรายการนี้
  คอมเมนท์: ราชสกุลวงศ์ กรม..


 Copyright 2026. Bcnsprnw @Library